| 000 | 02576cam a2200337 a 4500 | ||
|---|---|---|---|
| 999 |
_c129120 _d129120 |
||
| 001 | 16331739 | ||
| 003 | ARRUPE | ||
| 005 | 20190305110431.0 | ||
| 008 | 100714s2011 nyua b 001 0 eng | ||
| 010 | _a 2010029620 | ||
| 020 | _a9780199778775 (hardcover : alk. paper) | ||
| 020 | _a0199778779 (hardcover : alk. paper) | ||
| 020 | _a9780199778782 (pbk. : alk. paper) | ||
| 020 | _a0199778787 (pbk. : alk. paper) | ||
| 035 | _a(OCoLC)ocn649701981 | ||
| 040 |
_aDLC _cDLC _dYDX _dYDXCP _dBWX _dIAL _dCDX _dVVC _dIUL _dDLC |
||
| 050 | 0 | 0 |
_aBX1746 _b.C68 2011 |
| 082 | 0 | 0 |
_a262/.8088282 _222 |
| 245 | 0 | 4 |
_aThe crisis of authority in Catholic modernity / _cedited by Michael J. Lacey and Francis Oakley. |
| 260 |
_aOxford ; _aNew York : _bOxford University Press, _cc2011. |
||
| 300 |
_aviii, 381 p. : _bill. ; _c24 cm. |
||
| 504 | _aIncludes bibliographical references and index. | ||
| 505 | 0 | _aHistory and the return of the repressed in Catholic modernity: the dilemma posed by Constance / Francis Oakley -- Leo's church and our own / Michael J. Lacey -- Benedict XVI and the interpretation of Vatican II / Joseph A. Komonchak -- Catholic tradition and traditions / Francis A. Sullivan -- Something there is that doesn't love a law: canon law and its discontents / John P. Beal -- A teaching church that learns?: Discerning "authentic" teaching in our times / Gerard Mannion -- Moral theology after Vatican II / Lisa Sowle Cahill -- Retrieving and reframing Catholic casuistry / M. Cathleen Kaveny -- Magisterial authority / Charles Taylor -- American Catholics and church authority / William V. D'Antonio ... [et al.] -- Souls and bodies: the birth control controversy and the collapse of confession / Leslie Woodcock Tentler -- Assessing the education of priests and lay ministers: content and consequences / Katarina Schuth -- Epilogue: The matter of unity / Francis Oakley -- Appendix: Remarks on interpreting the Second Vatican Council / Pope Benedict XVI. | |
| 610 | 2 | 0 |
_aCatholic Church _xDoctrines. _944964 |
| 650 | 0 |
_aChurch _xAuthority. _9777 |
|
| 650 | 0 |
_aAuthority _xReligious aspects _xCatholic Church. _911074 |
|
| 700 | 1 |
_aLacey, Michael James. _922962 |
|
| 700 | 1 |
_aOakley, Francis. _944965 |
|
| 906 |
_a7 _bcbc _corignew _d1 _eecip _f20 _gy-gencatlg |
||
| 942 |
_2lcc _cMONOGRAPH |
||